| 000 | 00927cas a22002897a 4500 | ||
|---|---|---|---|
| 005 | 20220329142055.0 | ||
| 008 | 990526u1973 uk bn p rnn 0 bub1eng d | ||
| 010 | _a77988 | ||
| 011 | _a78960 | ||
| 022 | 0 | _a0300-5127 | |
| 035 | _a89076 | ||
| 245 | 0 | 0 |
_aBiochemical Society Transactions _c/by Biochemical Society |
| 260 | 0 |
_aEssex, UK : _bBiochemical Society, _c1973- |
|
| 300 | _av. | ||
| 310 | _aBimestral | ||
| 362 | 0 | _av.1 n.4, 1973 | |
| 500 | _aSe dejó de recibir a partir del v.1 n.4, 1973 | ||
| 590 |
_aBATCH-UPD _b10 _c20130110 _lUCH01 _h2351 |
||
| 590 |
_aBATCH-UPD _b10 _c20130410 _lUCH01 _h1638 |
||
| 590 |
_aBATCH-UPD _b10 _c20130914 _lUCH01 _h0644 |
||
| 590 |
_aBATCH-UPD _b10 _c20130914 _lUCH01 _h2147 |
||
| 590 |
_aCONVERSION _b10 _c20130109 _lUCH01 _h1343 |
||
| 650 | 1 | 4 |
_aBioquímica _xPublicaciones periódicas. _912862 |
| 866 | _av.1 n.1-6 (1973) | ||
| 901 | _aSE | ||
| 905 | _aMa. del Socorro Iturbe C. | ||
| 999 |
_c77988 _d77988 |
||